Plant Anatomy:an applied approach (Record no. 1208222)

MARC details
000 -LEADER
fixed length control field 01131nam a2200325Ia 4500
003 - CONTROL NUMBER IDENTIFIER
control field OSt
005 - DATE AND TIME OF LATEST TRANSACTION
control field 20221007120936.0
008 - FIXED-LENGTH DATA ELEMENTS--GENERAL INFORMATION
fixed length control field 221006b |||||||| |||| 00| 0 eng d
020 ## - INTERNATIONAL STANDARD BOOK NUMBER
International Standard Book Number 9781405126793 (pbk)
037 ## - SOURCE OF ACQUISITION
Terms of availability Textbook
040 ## - CATALOGING SOURCE
Original cataloging agency BDL
Transcribing agency BDL
Language of cataloging eng
041 ## - LANGUAGE CODE
Source of code eng
Language code of text/sound track or separate title eng
100 ## - MAIN ENTRY--PERSONAL NAME
Personal name Cutler David F
9 (RLIN) 710322
245 #0 - TITLE STATEMENT
Title Plant Anatomy:an applied approach
Remainder of title Botha Ted Stevenson Dennis Wm
260 ## - PUBLICATION, DISTRIBUTION, ETC.
Place of publication, distribution, etc. Oxford
Name of publisher, distributor, etc. Blackwell Publishing
Date of publication, distribution, etc. 2008
300 ## - PHYSICAL DESCRIPTION
Extent vii, 302p.
Dimensions cm.
500 ## - GENERAL NOTE
General note ''Appendices 1-2, 195-241p''.; ''Glossary 242-279p''.; ''References 280-286p''.; ''Index 287-302p''.
650 ## - SUBJECT ADDED ENTRY--TOPICAL TERM
Topical term or geographic name entry element Cortex
9 (RLIN) 710323
650 ## - SUBJECT ADDED ENTRY--TOPICAL TERM
Topical term or geographic name entry element Pericycle
9 (RLIN) 710324
650 ## - SUBJECT ADDED ENTRY--TOPICAL TERM
Topical term or geographic name entry element The root
9 (RLIN) 710325
650 ## - SUBJECT ADDED ENTRY--TOPICAL TERM
Topical term or geographic name entry element Botany
700 ## - ADDED ENTRY--PERSONAL NAME
Personal name Botha Ted
9 (RLIN) 710326
700 ## - ADDED ENTRY--PERSONAL NAME
Personal name Stevenson Dennis Wm
9 (RLIN) 710327
942 ## - ADDED ENTRY ELEMENTS (KOHA)
Classification part I:2, P8 Carb
Koha item type Textbook
Source of classification or shelving scheme Colon Classification (CC)
Holdings
Withdrawn status Lost status Source of classification or shelving scheme Damaged status Not for loan Home library Current library Date acquired Source of acquisition Total Checkouts Full call number Barcode Date last seen Price effective from Koha item type
    Colon Classification (CC)     Department of Botany Library Department of Botany Library 2022-10-07 362, 02/01/2009, Ashutosh Technical Books   I:2 P8 Carb BD0005282 2022-10-07 2022-10-07 Textbook
Copyright @ Delhi University Library System